Vládne opatrenia na zlepšenie podnikateľského prostredia - "kilečko 2"
Druhý balík opatrení na zlepšenie podnikateľského prostredia, tzv. "kilečko 2", schválila Národná rada SR zákonom č. 249/2022 Z. z. zo 16. júna 2022, ktorým sa menia a dopĺňajú niektoré zákony v súvislosti so zlepšovaním podnikateľského prostredia.
Salvato in:
| Autore principale: | |
|---|---|
| Natura: | Capitolo di libro |
| Lingua: | slovacco |
| Soggetti: | |
| Tags: |
Nessun Tag, puoi essere il primo ad aggiungerne!!
|
MARC
| LEADER | 00000naa a2200000 4500 | ||
|---|---|---|---|
| 001 | 0288107 | ||
| 005 | 20240417075215.6 | ||
| 041 | 0 | |a slo | |
| 044 | |a SK | ||
| 245 | 1 | 0 | |a Vládne opatrenia na zlepšenie podnikateľského prostredia - "kilečko 2" |c Lenka Hmírová |
| 520 | |a Druhý balík opatrení na zlepšenie podnikateľského prostredia, tzv. "kilečko 2", schválila Národná rada SR zákonom č. 249/2022 Z. z. zo 16. júna 2022, ktorým sa menia a dopĺňajú niektoré zákony v súvislosti so zlepšovaním podnikateľského prostredia. | ||
| 610 | 2 | 0 | |a opatrenia |
| 610 | 2 | 0 | |a vláda |
| 610 | 2 | 0 | |a zákony |
| 610 | 2 | 0 | |a legislatíva |
| 610 | 2 | 0 | |a právo |
| 610 | 2 | 0 | |a parlamenty |
| 610 | 2 | 0 | |a podnikanie |
| 610 | 2 | 0 | |a podnikatelia |
| 610 | 2 | 0 | |a prostredie podnikateľské |
| 610 | 2 | 0 | |a zmennosť |
| 100 | 1 | |a Hmírová, Lenka | |